000 00470nam a2200181Ia 4500
001 13486
005 20260306164804.0
008 260306t2016||||xx |||||||||||||| ||spa||
041 _aESP
082 _a004.22
_bS78C
100 _aStallings, William
_eAUT
245 0 _aComputer organization and architecture:
_bdesigning for perfomance
260 _c2016
300 _axxiii, 833 páginas :
_c24 cm.
650 _aGEN
654 _aCCC
942 _cLIB
_dJUS
_fJUS
_2ddc
_n
999 _c13486
_d13486